000 01929nam0a2200337 4500
001 RU\NLR\BIBL_A\022464335
005 20260407071442.0
035 _a(NLR Aleph) 022464335
090 _a13365344
_c13365344
100 _a20250220d1941 e y0rusy50 ca
101 0 _auzb
_crus
102 _aUZ
105 _aacb z 000 y
181 0 _ai
_baxxe
182 0 _an
200 1 _aСССР тарихи
_eўрта мактабнинг VIII синфи учун дарслик
_fпроф. К. В. Базилевич, проф. С. В. Бахрушин, проф. А. М. Панкратова, доц. А. В. Фохт
_gСССР фанлар академиясининг тарих институти
_gпроф. А. М. Панкратова таҳрири остида
203 _aТекст
_bвизуальный
_cнепосредственный
210 _aТошкент
_cЎзССР давлат ўқув-педагогик нашриёти
_d1941
215 _a255, [1] с.
_cил., портр.,карты
_d22
541 1 _aИстория СССР
_zrus
_eучебник для 8 кл.
702 1 _4070
_7ca
_8rus
_aБазилевич
_bК. В.
_f1892-1950
_gКонстантин Васильевич
_92650649
_3RU\NLR\AUTH\770278682
702 1 _4070
_7ca
_8rus
_aБахрушин
_bС. В.
_f1882-1950
_gСергей Владимирович
_91441
_3RU\NLR\AUTH\7718363
702 1 _aПанкратова
_bА. М.
_cисторик
_f1897-1957
_gАнна Михайловна
_4070
702 1 _4070
_7ca
_8rus
_aФохт
_bА. В.
_f1899-1972
_gАнастасия Викторовна
_92650662
_3RU\NLR\AUTH\770278695
702 1 _4340
_7ca
_8rus
_aПанкратова
_bА. М.
_f1897-1957
_gАнна Михайловна
_9140485
_3RU\NLR\AUTH\770140521
852 _aNLR
_bОНЛ
_jУзбек./3-1074
942 _cBOOK
945 _aРоссийская национальная библиотека
980 _aBV
980 _aNB